| 000 -LEADER |
| fixed length control field |
00462nam a2200169Ia 4500 |
| 008 - FIXED-LENGTH DATA ELEMENTS--GENERAL INFORMATION |
| fixed length control field |
181130s2018 xx 000 0 und d |
| 100 ## - MAIN ENTRY--PERSONAL NAME |
| Personal name |
Shakeel, Adnan |
| 245 ## - TITLE STATEMENT |
| Title |
Bundelkhand region: |
| Remainder of title |
is drought designing a desert? Reasons, results and resolutions |
| 260 ## - PUBLICATION, DISTRIBUTION, ETC. |
| Date of publication, distribution, etc. |
2018 |
| 300 ## - PHYSICAL DESCRIPTION |
| Extent |
p.37-56. |
| 504 ## - BIBLIOGRAPHY, ETC. NOTE |
| -- |
Jun |
| 650 ## - SUBJECT ADDED ENTRY--TOPICAL TERM |
| Topical term or geographic name entry element |
Drought |
| 650 ## - SUBJECT ADDED ENTRY--TOPICAL TERM |
| Topical term or geographic name entry element |
Drought - Bundelkhand |
| 700 ## - ADDED ENTRY--PERSONAL NAME |
| Personal name |
Shazli, Tasneem |
| 773 ## - HOST ITEM ENTRY |
| Main entry heading |
Man and Development |
| 906 ## - LOCAL DATA ELEMENT F, LDF (RLIN) |
| a |
Drought |